The Canon of American Legal Thought : (Record no. 618380)

MARC details
000 -LEADER
fixed length control field 00458nam a2200181 a 4500
008 - FIXED-LENGTH DATA ELEMENTS--GENERAL INFORMATION
fixed length control field 260330s2006##################000#0#eng##
020 ## - INTERNATIONAL STANDARD BOOK NUMBER
ISBN 9780691120003
082 04 - DEWEY DECIMAL CLASSIFICATION NUMBER
Classification number 340.10973
Item number KEN
100 1# - MAIN ENTRY--AUTHOR NAME
Personal name Kennedy, David,
245 10 - TITLE STATEMENT
Title The Canon of American Legal Thought :
260 ## - PUBLICATION, DISTRIBUTION, ETC. (IMPRINT)
Year of publication 2006.
650 #0 - SUBJECT ADDED ENTRY--TOPICAL TERM
Topical Term Law.
942 ## - ADDED ENTRY ELEMENTS (KOHA)
Koha item type English Books
Holdings
Withdrawn status Lost status Damaged status Not for loan Home library Current library Shelving location Date acquired Full call number Accession Number Price effective from Koha item type
        Anna Centenary Library Anna Centenary Library 4TH FLOOR, A WING 30.03.2026 340.10973 KEN 168452 30.03.2026 English Books

Find us on the map